¿Por qué enseño como enseño? : tres actividades para aprender ciencias /

Con base en su propia experiencia como profesor de física y química en secundaria y bachillerato, Gómez Crespo ofrece tres el ejemplo de tres innovadoras actividades para trabajar con los alumnos, que pueden verse en YouTube. El objetivo es que los lectores, más que usarlas como guías de clase, refl...

Celý popis

Uloženo v:
Podrobná bibliografie
Hlavní autor: Gómez Crespo, Miguel Angel (autor)
Médium: Kniha
Jazyk:španělština
Vydáno: Madrid, España : Morata, 2017, c2017
Témata:
Tagy: Přidat tag
Žádné tagy, Buďte první, kdo vytvoří štítek k tomuto záznamu!

MARC

LEADER 00000nam^a2200000^a^4500
001 000405895
005 20250521000000.0
009 20260526143742.633
020 |a 978-84-7112-724-2 
037 |a Acervo ITESO - Biblioteca 
041 |a ESP 
082 |a 507. 12  |b GOM 
100 |a Gómez Crespo, Miguel Angel  |e (autor) 
245 1 0 |a ¿Por qué enseño como enseño? :  |b tres actividades para aprender ciencias /  |c M.A. Gómez Crespo. 
264 4 |a Madrid, España :  |b Morata,  |c 2017, c2017 
300 |a 80 p. 
336 |a texto  |b txt  |2 rdacontenido 
337 |a sin mediación  |b n  |2 rdamedio 
338 |a volumen  |b nc  |2 rdasoporte 
520 |a Con base en su propia experiencia como profesor de física y química en secundaria y bachillerato, Gómez Crespo ofrece tres el ejemplo de tres innovadoras actividades para trabajar con los alumnos, que pueden verse en YouTube. El objetivo es que los lectores, más que usarlas como guías de clase, reflexionen sobre qué hace el autor y por qué lo hace así. 
649 |a XX 
650 |a Ciencia -  |x Estudio y Enseñanza -  |x Tema Principal 
650 |a Aprendizaje en Escenarios Reales 
650 |a Aprendizaje mediante Descubrimiento 
650 |a Práctica Educativa 
650 |a Innovación Educativa 
650 |a Metodología Educativa -  |x Tema Principal 
650 |a Educación Media 
910 |a Fondo General 
920 |a Impresos - Libros 
930 |a Colección General 
905 |a 101 
901 |a 0500310284  |b IT1  |c ACC  |i C160898  |u 20250521 
902 |a https://opac.biblio.iteso.mx/vufind/Record/000405895